Objet chambre Français à Espagnol - Statistiques

Statistiques générales
  • Ce quiz a été pris 63 fois
  • Le résultat moyen est 4 sur 15
Statistiques - réponses
Hint Réponse % Correct
Lit Cama
94%
Miroir Espejo
56%
Cadre Cuadro
36%
Chambre à coucher Dormitorio
36%
Lampe Lampara
36%
Ordinateur Computadora
25%
Matelas Colchon
22%
Oreiller Almohada
19%
Comode Armario
19%
Bureau Escritorio
19%
Tablette Estante
14%
Garde-robe Guardarropa
14%
Table de chevet Mesita de noche
8%
Couverture Cobija
6%
Bibliothèque Estante para libros
3%
Aucun quiz correspondant
Distribution des résultats
% des personnes avec chaque résultat
Percentile par nombre de réponses
Votre historique - résultats
Vous n’avez pas pris ce quiz